| Поле | Инд. | ПП | Название | Значение |
|---|---|---|---|---|
| Тип записи | a | |||
| Библиографический уровень | m | |||
| 001 | Контрольный номер | 67f6c1f7-9e7f-404d-9bc2-185b52fb0bd5 | ||
| 005 | Дата корректировки | 20140226122106.7 | ||
| 008 | Кодируемые данные | 980609 d | ||
| 020 | a | ISBN | 5-87060-006-5 | |
| c | Цена, тираж | 1 500-00 | ||
| 040 | a | Служба первич. каталог. | НБ ТвГУ | |
| 041 | a | Код языка текста | rus | |
| 080 | a | Индекс УДК | 640.1 | |
| 084 | a | Индекс другой классификации/Индекс ББК | М79 | |
| 090 | x | Авторский знак | А94 | |
| a | Полочн. индекс | М79 | ||
| 100 | 1_ | a | Автор | Афанасьев Владимир Иванович |
| 245 | 00 | a | Заглавие | Маленькие хитрости для домашнего мастера |
| c | Ответственность | Сост.: В.И. Афанасьев, Л.Н. Задумов; [Худож. А. Грошев] | ||
| 260 | 0_ | a | Место издания | Москва |
| b | Издательство | МП "Авт. песня" | ||
| c | Дата издания | 1993 | ||
| 300 | a | Объем | 284,[1] с. | |
| b | Иллюстрации/ тип воспроизводства | ил. | ||
| 440 | a | Серия | Советы бывалых | |
| 650 | a | Основная рубрика | Домоводство | |
| 653 | a | Ключевые слова | Домоводство | |
| 700 | 1_ | a | Другие авторы | Задумов Леонд Николаевич |
| 852 | t | Порядковый номер экземпляра | 1 | |
| p | Инвентарный номер | 649232 | ||
| 852 | t | Порядковый номер экземпляра | 1 | |
| p | Инвентарный номер | 649233 | ||
| 954 | a | Дата поступления на обработку | 16.06.94 | |
| a | Дата поступления на обработку | 16.06.94 | ||
| 999 | a | Подразделение 2 | аб. | |
| a | Подразделение 2 | кх. |